Music Quiz

Random Music or Clip Quiz

Rock and Metal Grab Bag Quiz Stats

 Plays Quiz not verified by Sporcle

Score 0/30 Timer 12:00
0 Plays Today
Time Song Title % Correct
1:00 - 1:10Stairway to Heaven
73.9%
1:40 - 1:50Photograph
68.5%
3:40 - 3:50Tom Sawyer
67.9%
1:30 - 1:40Live and Let Die
66.7%
3:00 - 3:10Walk
64.8%
4:10 - 4:20For Whom the Bell Tolls
63.6%
0:40 - 0:50Detroit Rock City
60%
1:10 - 1:20Dirty Deeds Done Dirt Cheap
57.6%
3:50 - 4:00Tribute
52.1%
2:20 - 2:30Been Caught Stealing
46.1%
0:20 - 0:302 Minutes to Midnight
45.5%
0:10 - 0:20Holiday in Cambodia
43%
2:40 - 2:50Supermassive Black Hole
41.2%
3:20 - 3:30My Hero
39.4%
0:00 - 0:10Same Old Song and Dance
38.2%
Time Song Title % Correct
3:10 - 3:20Radio Ga Ga
37.6%
4:30 - 4:40Welcome Home
34.5%
0:50 - 1:00Midlife Crisis
30.9%
4:50 - 5:00The Seeker
28.5%
2:00 - 2:10I Don't Wanna Stop
24.2%
4:00 - 4:10Rusted From the Rain
13.9%
4:20 - 4:30Make Me Wanna Die
11.5%
1:50 - 2:00The Captain
10.9%
4:40 - 4:50Fireball
10.9%
2:50 - 3:00Black Shuck
10.3%
0:30 - 0:40Burn Baby Burn
9.7%
2:10 - 2:20Judas Rising
8.5%
2:30 - 2:40Gears of War
6.1%
3:30 - 3:40Nothin' To Lose
5.5%
1:20 - 1:30Dr. Rock
3.6%

You're not logged in!

Compare scores with friends on all Sporcle quizzes.
Join for Free
OR
Log In

You Might Also Like...

Show Comments

Extras

Top Quizzes Today


Score Distribution

Your Account Isn't Verified!

In order to create a playlist on Sporcle, you need to verify the email address you used during registration. Go to your Sporcle Settings to finish the process.

Report this User

Report this user for behavior that violates our Community Guidelines.

Details: